000 00672nam a2200289Ia 4500
005 20260324123916.0
008 008 260324s9999 xx 000 0 eng d
020 _a9780429093470
037 _aEBOOK
040 _aCRL
040 _beng
040 _cCRL
041 _2eng
041 _aeng
084 _qCRL
100 _aTian-Xiang Yue
_91172118
245 0 _aSurface Modeling
245 0 _bHigh Accuracy and High Speed Methods
260 _bTaylor and Francis
260 _c2011
365 _a
365 _b435
856 _uhttp://www.taylorfrancis.com/books/9780429093470
942 _cEBOOK
999 _c1766037
_d1766037